<?xml version="1.0" encoding="UTF-8"?>
<collection xmlns="http://www.loc.gov/MARC21/slim">
 <record>
  <leader>04192cam a2200349 a 4500</leader>
  <controlfield tag="001">1/37993</controlfield>
  <controlfield tag="008">090721s2004    uk            001 0 eng  </controlfield>
  <datafield tag="020" ind1=" " ind2=" ">
   <subfield code="a">9780750661003</subfield>
  </datafield>
  <datafield tag="020" ind1=" " ind2=" ">
   <subfield code="a">0750661003</subfield>
  </datafield>
  <datafield tag="020" ind1=" " ind2=" ">
   <subfield code="a">0080454992 (electronic bk.)</subfield>
  </datafield>
  <datafield tag="020" ind1=" " ind2=" ">
   <subfield code="a">9780080454993 (electronic bk.)</subfield>
  </datafield>
  <datafield tag="035" ind1=" " ind2=" ">
   <subfield code="l">40615</subfield>
  </datafield>
  <datafield tag="040" ind1=" " ind2=" ">
   <subfield code="a">OPELS</subfield>
   <subfield code="b">eng</subfield>
   <subfield code="c">OPELS</subfield>
   <subfield code="d">OCLCQ</subfield>
   <subfield code="d">N$T</subfield>
   <subfield code="d">YDXCP</subfield>
   <subfield code="d">MERUC</subfield>
   <subfield code="d">OCLCO</subfield>
   <subfield code="d">SINTU</subfield>
   <subfield code="d">AU@</subfield>
   <subfield code="d">IDEBK</subfield>
   <subfield code="d">E7B</subfield>
   <subfield code="d">OCLCQ</subfield>
   <subfield code="d">OCLCF</subfield>
   <subfield code="d">GR-PeUP</subfield>
  </datafield>
  <datafield tag="100" ind1="1" ind2=" ">
   <subfield code="a">Edwards, A. J.</subfield>
   <subfield code="q">(Antony John),</subfield>
   <subfield code="d">1940-</subfield>
  </datafield>
  <datafield tag="245" ind1="1" ind2="0">
   <subfield code="a">ISO 14001 environmental certification step by step</subfield>
   <subfield code="h">[electronic resource] /</subfield>
   <subfield code="c">A.J. Edwards.</subfield>
  </datafield>
  <datafield tag="250" ind1=" " ind2=" ">
   <subfield code="a">Rev. 1st ed.</subfield>
  </datafield>
  <datafield tag="260" ind1=" " ind2=" ">
   <subfield code="a">Oxford ;</subfield>
   <subfield code="a">Burlington, MA :</subfield>
   <subfield code="b">Elsevier Butterworth-Heinemann,</subfield>
   <subfield code="c">2004.</subfield>
  </datafield>
  <datafield tag="300" ind1=" " ind2=" ">
   <subfield code="a">1 online resource (xiii, 246 p.) :</subfield>
   <subfield code="b">ill.</subfield>
  </datafield>
  <datafield tag="520" ind1=" " ind2=" ">
   <subfield code="a">The do-it-yourself manual, with steps to success and simple explanatory notes, designed for real companies. ISO 14001 Environmental Certification Step by Step has been written with smaller companies especially in mind. Dr. A.J. Edwards explains how to achieve the ISO 14001 standard aided by resources freely available from the accompanying website, including a sample manual and detailed sample registers and procedures. Together, these provide a quick and straightforward guide to achieving the requirements of ISO 14001 Environmental Certification. This revised edition has been updated to cover the latest developments in the interpretation of the standard, plus changes in related legislation, such as the EU's Eco-Management and Audit Scheme (EMAS), Control of Pollution regulations, Dangerous Substances and Explosive Atmospheres Regulations, Landfill charges, Pollution Prevention and Control, and Asbestos Regulations. In addition, the new ISO 19011:2002 standard for auditing is reflected in the book, as are approaches to phased introduction of ISO 14001. Many organisations working towards ISO 14001 already possess ISO 9000 registration, or choose to achieve ISO 14001 and ISO 9000 simultaneously as an integrated system. To prevent duplication, ISO 14001 Environmental Certification Step by Step includes cross-referencing of ISO 14001 requirements to the relevant procedures in the Quality System. * A do-it-yourself manual, with steps to success and simple explanatory notes * Revised and updated to cover developments in the interpretation of the standard, changes in related legislation, such as the EU's Eco-Management and Audit Scheme (EMAS), new standards and standards * Supported by downloadable forms and procedures.</subfield>
  </datafield>
  <datafield tag="505" ind1="0" ind2=" ">
   <subfield code="a">Introduction; ISO 14001 requirements; Planning the programme; Policy; Implementation and operation; Checking, action and review; The manual; WWW resources: Supporting documents; Sample registers, Procedures and manual; Index.</subfield>
  </datafield>
  <datafield tag="500" ind1=" " ind2=" ">
   <subfield code="a">Includes index.</subfield>
  </datafield>
  <datafield tag="505" ind1="0" ind2=" ">
   <subfield code="a">Introduction to environmental management -- The global perspective -- Brief history of environmental standards -- Introduction to ISO 14001 -- Planning the project -- Policy and planning -- Implementation and operation -- Checking, corrective action and management review -- The Environmental Management Manual (step 7) -- The launch (step 8) -- Internal environmental auditing (step 9) -- Assessment (step 10) -- EMAS -- Final thoughts -- Appendix A: briefing notes for toolbox talks -- Appendix B: aspects checklist -- Appendix C: regulations checklist -- Appendix D: useful information -- Appendix E: UKAS accredited environmental certification bodies -- Appendix F: glossary -- Registers of environmental aspects and environmental information -- Operating procedures -- Environmental Management Manual.</subfield>
  </datafield>
  <datafield tag="650" ind1=" " ind2="4">
   <subfield code="a">ISO 14000 Series Standards.</subfield>
  </datafield>
  <datafield tag="650" ind1=" " ind2="4">
   <subfield code="a">Environmental protection</subfield>
   <subfield code="x">Standards.</subfield>
  </datafield>
  <datafield tag="650" ind1=" " ind2="4">
   <subfield code="a">Production management</subfield>
   <subfield code="x">Environmental aspects.</subfield>
  </datafield>
  <datafield tag="655" ind1=" " ind2="4">
   <subfield code="a">Electronic books.</subfield>
  </datafield>
  <datafield tag="852" ind1=" " ind2=" ">
   <subfield code="a">INST</subfield>
   <subfield code="b">UNIPILB</subfield>
   <subfield code="c">EBOOKS</subfield>
   <subfield code="e">20100625</subfield>
   <subfield code="p">00b40615</subfield>
   <subfield code="q">00b40615</subfield>
   <subfield code="t">ONLINE</subfield>
   <subfield code="y">0</subfield>
  </datafield>
  <datafield tag="856" ind1="4" ind2="0">
   <subfield code="3">ScienceDirect</subfield>
   <subfield code="u">http://www.sciencedirect.com/science/book/9780750661003</subfield>
  </datafield>
  <datafield tag="856" ind1="4" ind2=" ">
   <subfield code="d">/webopac/covers/02/40615_9780750661003.jpg</subfield>
  </datafield>
  <datafield tag="856" ind1="4" ind2=" ">
   <subfield code="d">/webopac/covers/02/40615_0750661003.jpg</subfield>
  </datafield>
  <datafield tag="856" ind1="4" ind2=" ">
   <subfield code="d">/webopac/covers/02/40615_0080454992.jpg</subfield>
   <subfield code="z">(electronic bk.)</subfield>
  </datafield>
  <datafield tag="856" ind1="4" ind2=" ">
   <subfield code="d">/webopac/covers/02/40615_9780080454993.jpg</subfield>
   <subfield code="z">(electronic bk.)</subfield>
  </datafield>
 </record>
</collection>
